| 000 | 00589 a2200193 4500 | ||
|---|---|---|---|
| 020 | _a0072936037 (spiral-bound) | ||
| 020 | _a9780072936032 (spiral-bound) | ||
| 082 | 0 | 4 | _a808.042 |
| 090 |
_c4311 _d4311 |
||
| 100 | 1 | _aSabin, William. | |
| 245 | 1 | 4 |
_aThe gregg reference manual / _cWilliam Sabin. |
| 250 | _a9th ed. | ||
| 260 |
_a[S.l.] : _bCareer Education, _c2003. |
||
| 300 |
_a610 p. ; _c23 cm. |
||
| 490 | 1 | _aSpiral W/flap. | |
| 830 | 0 | _aSpiral W/flap. | |
| 856 | 4 | 0 |
_3Amazon.com _uhttp://www.amazon.com/exec/obidos/ASIN/0072936037/chopaconline-20 |
| 942 |
_aNBS _cBK _k808.042 SAB |
||
| 999 |
_c346758 _d346758 |
||